<?xml version="1.0" encoding="UTF-8"?><?xml-stylesheet type="text/xsl" href="static/style.xsl"?><OAI-PMH xmlns="http://www.openarchives.org/OAI/2.0/" xmlns:xsi="http://www.w3.org/2001/XMLSchema-instance" xsi:schemaLocation="http://www.openarchives.org/OAI/2.0/ http://www.openarchives.org/OAI/2.0/OAI-PMH.xsd"><responseDate>2026-06-01T21:13:16Z</responseDate><request verb="GetRecord" identifier="oai:riuma.uma.es:10630/25042" metadataPrefix="marc">https://riuma.uma.es/rest/oai/request</request><GetRecord><record><header><identifier>oai:riuma.uma.es:10630/25042</identifier><datestamp>2026-02-03T10:23:06Z</datestamp><setSpec>com_10630_1685</setSpec><setSpec>col_10630_38055</setSpec></header><metadata><record xmlns="http://www.loc.gov/MARC21/slim" xmlns:dcterms="http://purl.org/dc/terms/" xmlns:doc="http://www.lyncode.com/xoai" xmlns:xsi="http://www.w3.org/2001/XMLSchema-instance" xsi:schemaLocation="http://www.loc.gov/MARC21/slim http://www.loc.gov/standards/marcxml/schema/MARC21slim.xsd">
   <leader>00925njm 22002777a 4500</leader>
   <datafield ind2=" " ind1=" " tag="042">
      <subfield code="a">dc</subfield>
   </datafield>
   <datafield ind2=" " ind1=" " tag="720">
      <subfield code="a">Santisteban Barranco, María José</subfield>
      <subfield code="e">author</subfield>
   </datafield>
   <datafield ind2=" " ind1=" " tag="260">
      <subfield code="c">2022-06</subfield>
   </datafield>
   <datafield ind2=" " ind1=" " tag="520">
      <subfield code="a">Los problemas respiratorios se producen cuando nuestro cuerpo es incapaz de adquirir el oxígeno que necesita. En algunos casos, esta falta de oxígeno será el síntoma de alguna enfermedad grave, como el asma, EPOC, … Evidentemente, esta incapacidad para conseguir el oxígeno necesario afectará a los pulmones directamente y puede llegar a ser mortal. La importancia del problema es grande. Según la Organización Mundial de la Salud (OMS), unos 235 millones de personas padecen asma, mientras que 64 millones padecen EPOC.&#xd;
La medición de la capacidad del aparato respiratorio para adquirir aire (y con ello el oxígeno) se convierte en un factor clave para diagnosticar este problema. En este contexto nace este Trabajo Fin de Grado, cuyo objetivo es crear un espirómetro portátil, cómodo y de fácil uso. Se desarrollará tanto el neumotacógrafo, como la electrónica y software necesario para capturar los datos de flujo y volumen de aire. El dispositivo se diseña para que pueda incluirse en un entorno inteligente, estando dotado de salida de datos por Bluetooth Low Energy (BLE). El objetivo es que una persona, con dichas enfermedades, pueda hacerse las medidas necesarias de su flujo respiratorio en casa y poder tener más controlada la enfermedad.</subfield>
   </datafield>
   <datafield ind1="8" ind2=" " tag="024">
      <subfield code="a">https://hdl.handle.net/10630/25042</subfield>
   </datafield>
   <datafield tag="653" ind2=" " ind1=" ">
      <subfield code="a">Electrocardiografía</subfield>
   </datafield>
   <datafield tag="653" ind2=" " ind1=" ">
      <subfield code="a">Ingeniería biomédica</subfield>
   </datafield>
   <datafield tag="653" ind2=" " ind1=" ">
      <subfield code="a">Informática - Trabajos Fin de Grado</subfield>
   </datafield>
   <datafield tag="653" ind2=" " ind1=" ">
      <subfield code="a">Grado en Ingeniería de la Salud - Trabajos Fin de Grado</subfield>
   </datafield>
   <datafield ind2="0" ind1="0" tag="245">
      <subfield code="a">Diseño de un espirómetro de bajo coste</subfield>
   </datafield>
</record>
</metadata></record></GetRecord></OAI-PMH>